[Event "CZE-chT1E 0607"]
[Site "Czech Republic"]
[Date "2006.11.26"]
[Round "3.5"]
[White "Malis, Jiri"]
[Black "Belunek, Vladimir"]
[Result "0-1"]
[WhiteElo "2156"]
[BlackElo "2249"]
[PlyCount "78"]
[EventDate "2006.10.15"]
[EventType "team"]
[EventRounds "11"]
[EventCountry "CZE"]
[SourceTitle "EXT 2008"]
[Source "ChessBase"]
[SourceDate "2007.11.25"]
[SourceVersion "1"]
[SourceVersionDate "2007.11.25"]
[SourceQuality "1"]

1. e4 c5 2. Nf3 d6 3. Bc4 Nc6 4. c3 Nf6 5. Qe2 a6 6. a4 Bg4 7. h3 Bxf3 8. gxf3 g6 9. f4 d5 10. exd5 Nxd5 11. Qf3 e6 12. d3 Nce7 13. Nd2 Nf5 14. Ne4 Be7 15. h4 h5 16. Ng5 Qd7 17. Be3 Rc8 18. Bb3 Ndxe3 19. fxe3 Qxd3 20. Rh3 Qd7 21. e4 Nh6 22. Rd1 Qc6 23. Qg2 c4 24. Bc2 Rd8 25. Rxd8+ Bxd8 26. Qd2 Bxg5 27. hxg5 Ng4 28. Qd4 e5 29. fxe5 Qe6 30. Bd1 Nxe5 31. Qa7 0-0 32. Rh2 Qc6 33. Qd4 Re8 34. Kf1 b5 35. axb5 axb5 36. Rf2 Nd3 37. Rf6 Qxe4 38. Qxe4 Rxe4 39. Bf3 Re5 0-1

[Event "Brno Trade op"]
[Site "Brno"]
[Date "2004.09.01"]
[Round "4"]
[White "Pospisil, Dusan"]
[Black "Malis, Jiri"]
[Result "1-0"]
[WhiteElo "2190"]
[BlackElo "2211"]
[PlyCount "71"]
[EventDate "2004.08.??"]
[EventType "swiss"]
[EventRounds "9"]
[EventCountry "CZE"]
[SourceTitle "CBM 103 Extra"]
[Source "ChessBase"]
[SourceDate "2005.01.01"]
[SourceVersion "1"]
[SourceVersionDate "2005.01.01"]
[SourceQuality "1"]

1. d4 g6 2. e4 Bg7 3. c3 d5 4. e5 c5 5. Nf3 Nc6 6. Be2 Bg4 7. Nbd2 e6 8. h3 Bxf3 9. Nxf3 Nge7 10. 0-0 0-0 11. b3 Qa5 12. Bb2 cxd4 13. cxd4 Rfc8 14. a3 b5 15. Qd3 Rab8 16. Rfc1 b4 17. Rc5 Qb6 18. a4 Bh6 19. a5 Qb7 20. Qd1 Nd8 21. Rb5 Qc7 22. Rc5 Qd7 23. Rxc8 Rxc8 24. Bd3 Qc7 25. g3 Ndc6 26. a6 Nb8 27. h4 Nec6 28. Kg2 Qb6 29. h5 Na5 30. hxg6 hxg6 31. Qh1 Kg7 32. Qh4 g5 33. Nxg5 Qd8 34. Nxe6+ fxe6 35. Qxd8 Rxd8 36. Rxa5 1-0

[Event "Brno Trade op"]
[Site "Brno"]
[Date "2004.08.30"]
[Round "2"]
[White "Fuchs, Ludek"]
[Black "Malis, Jiri"]
[Result "1/2-1/2"]
[WhiteElo "2019"]
[BlackElo "2211"]
[PlyCount "118"]
[EventDate "2004.08.??"]
[EventType "swiss"]
[EventRounds "9"]
[EventCountry "CZE"]
[SourceTitle "CBM 103 Extra"]
[Source "ChessBase"]
[SourceDate "2005.01.01"]
[SourceVersion "1"]
[SourceVersionDate "2005.01.01"]
[SourceQuality "1"]

1. d4 g6 2. e4 Bg7 3. Nc3 c6 4. Be3 Nf6 5. f3 d5 6. h3 Qa5 7. Qd2 b5 8. Bd3 b4 9. Nce2 Ba6 10. e5 Nfd7 11. Nc1 c5 12. c3 bxc3 13. bxc3 Nc6 14. Nge2 0-0 15. 0-0 cxd4 16. cxd4 Qxd2 17. Bxd2 Bc4 18. f4 e6 19. a4 Rab8 20. Bc3 Nb4 21. Bxc4 dxc4 22. Na2 Nd5 23. Rab1 N7b6 24. Bb4 Nxb4 25. Rxb4 Nd5 26. Rxb8 Rxb8 27. Nac3 Bf8 28. Nxd5 exd5 29. Nc3 Rb4 30. Ra1 Rb3 31. Nxd5 Rd3 32. Nf6+ Kg7 33. d5 Bc5+ 34. Kf1 Be3 35. g3 Bd4 36. Rc1 c3 37. d6 Rxg3 38. d7 Bb6 39. Ke2 Kf8 40. Nd5 Rg2+ 41. Kf3 Rf2+ 42. Ke4 Re2+ 43. Kf3 Rd2 44. Nxb6 axb6 45. Rxc3 Rxd7 46. Rb3 Rd4 47. Rxb6 Rxa4 48. Kg4 h6 49. Rb7 Ra1 50. h4 Ra4 51. Rc7 Ra1 52. Rb7 Rg1+ 53. Kh3 h5 54. Rb8+ Kg7 55. Rb7 Rg4 56. Rb4 Kf8 57. Ra4 Ke7 58. Ra7+ Ke8 59. Ra4 Kd8 1/2-1/2

[Event "Brno Duras BVK op-A"]
[Site "Brno"]
[Date "2004.07.11"]
[Round "9"]
[White "Schmid, Thomas1111"]
[Black "Malis, Jiri"]
[Result "0-1"]
[WhiteElo "2129"]
[BlackElo "2211"]
[PlyCount "82"]
[EventDate "2004.07.??"]
[EventType "swiss"]
[EventRounds "9"]
[EventCountry "CZE"]
[SourceTitle "EXT 2005"]
[Source "ChessBase"]
[SourceDate "2004.11.15"]
[SourceVersion "1"]
[SourceVersionDate "2004.11.15"]
[SourceQuality "1"]

1. e4 g6 2. d4 Bg7 3. Nc3 c6 4. f4 d5 5. e5 h5 6. Nf3 Nh6 7. Be3 b5 8. Bd3 Bf5 9. h3 Bxd3 10. Qxd3 Nf5 11. Bf2 e6 12. 0-0 h4 13. Ne2 Nd7 14. a4 b4 15. c4 Bf8 16. a5 Be7 17. Ra4 Rb8 18. b3 0-0 19. Rfa1 dxc4 20. bxc4 Nc5 21. Qd1 Nxa4 22. Qxa4 Qc7 23. Be1 Rfd8 24. c5 Qb7 25. Rb1 Qa6 26. Kf2 Nxd4 27. Nfxd4 Bxc5 28. Rd1 Qc4 29. Qa1 Rxd4 30. Nxd4 Rd8 31. Ke3 g5 32. Bf2 b3 33. Kf3 Qd5+ 34. Ke2 Qxg2 35. fxg5 Rd5 36. Rd2 Qe4+ 37. Kf1 Rxe5 38. Nf3 Rf5 39. Bxc5 Qxf3+ 40. Kg1 Rxg5+ 41. Kh2 Qg3+ 0-1

[Event "Brno Duras BVK op-A"]
[Site "Brno"]
[Date "2004.07.03"]
[Round "1"]
[White "Zabensky, Jaroslav"]
[Black "Malis, Jiri"]
[Result "1/2-1/2"]
[WhiteElo "2012"]
[BlackElo "2211"]
[PlyCount "59"]
[EventDate "2004.07.??"]
[EventType "swiss"]
[EventRounds "9"]
[EventCountry "CZE"]
[SourceTitle "EXT 2005"]
[Source "ChessBase"]
[SourceDate "2004.11.15"]
[SourceVersion "1"]
[SourceVersionDate "2004.11.15"]
[SourceQuality "1"]

1. d4 g6 2. c4 Bg7 3. Nc3 d6 4. e4 e5 5. d5 Nd7 6. Bd3 c5 7. Nge2 Ngf6 8. 0-0 0-0 9. f3 a6 10. Be3 Rb8 11. Qc2 Ne8 12. g4 Bf6 13. Qd2 Bh4 14. Kg2 Ng7 15. Ng3 Qa5 16. Qe2 f6 17. a4 Qd8 18. Rh1 Rf7 19. Kh3 Bg5 20. Kg2 Bf4 21. Qd2 f5 22. exf5 gxf5 23. Nxf5 Nf8 24. Bxf4 Nxf5 25. Bg5 Nh4+ 26. Bxh4 Qxh4 27. Qe1 Qh6 28. Qb1 Qh4 29. Qe1 Qh6 30. Qc1 1/2-1/2

[Event "Bohemia South-chT 0405"]
[Site "Czech Republic"]
[Date "2004.??.??"]
[Round "?"]
[White "Malis, Jiri"]
[Black "Lamser, Miroslav"]
[Result "1/2-1/2"]
[WhiteElo "2210"]
[BlackElo "2035"]
[PlyCount "54"]
[EventDate "2004.10.??"]
[EventType "team"]
[EventRounds "11"]
[EventCountry "CZE"]
[SourceTitle "EXT 2007"]
[Source "ChessBase"]
[SourceDate "2006.11.23"]
[SourceVersion "1"]
[SourceVersionDate "2006.11.23"]
[SourceQuality "1"]

1. g3 Nf6 2. c4 g6 3. Bg2 Bg7 4. Nc3 0-0 5. d4 d6 6. e3 Nbd7 7. Nge2 Re8 8. 0-0 c6 9. b3 e5 10. Ba3 Nf8 11. Qc2 Bf5 12. e4 Bg4 13. Rad1 Qc7 14. h3 Bxe2 15. Nxe2 Rad8 16. Kh2 Ne6 17. Bb2 c5 18. dxc5 dxc5 19. Rxd8 Rxd8 20. Rd1 Nd4 21. Nxd4 cxd4 22. b4 Bf8 23. Qb3 b6 24. Bc1 Rc8 25. Bg5 Be7 26. Bxf6 Bxf6 27. Bf1 Be7 1/2-1/2

[Event "CZE-chT2d 0304"]
[Site "Czech Republic"]
[Date "2004.??.??"]
[Round "?"]
[White "Malis, Jiri"]
[Black "Novotny, Jaroslav"]
[Result "1/2-1/2"]
[WhiteElo "2202"]
[BlackElo "2220"]
[PlyCount "82"]
[EventDate "2003.??.??"]
[EventType "team"]
[EventRounds "11"]
[EventCountry "CZE"]
[SourceTitle "EXT 2007"]
[Source "ChessBase"]
[SourceDate "2006.11.23"]
[SourceVersion "1"]
[SourceVersionDate "2006.11.23"]
[SourceQuality "1"]

1. c4 g6 2. g3 Bg7 3. Bg2 c5 4. Nc3 Nc6 5. e4 e5 6. Nge2 d6 7. 0-0 f5 8. d3 Nd4 9. Nd5 Nh6 10. Nxd4 cxd4 11. Qa4+ Bd7 12. Qb3 Bc6 13. h4 f4 14. h5 Bxd5 15. cxd5 0-0 16. hxg6 hxg6 17. Bh3 fxg3 18. fxg3 Rxf1+ 19. Bxf1 Qf6 20. Qc2 Rf8 21. Qg2 Ng4 22. Be2 Ne3 23. Bxe3 dxe3 24. Rf1 Qg5 25. Rxf8+ Bxf8 26. Qh3 Qf6 27. Qe6+ Kg7 28. Qxf6+ Kxf6 29. Bg4 b6 30. Kf1 Bh6 31. Ke2 Bg5 32. a4 a5 33. Kd1 Ke7 34. Kc2 Kd8 35. Kb3 Kc7 36. Kc4 Bf6 37. Kc3 Kd8 38. Kc2 Ke7 39. Kd1 Bg5 40. Ke2 Kf6 41. b3 Bh6 1/2-1/2

[Event "Olexa Memorial op-A"]
[Site "Brno"]
[Date "2004.??.??"]
[Round "6"]
[White "Podbrdsky, Pavel"]
[Black "Malis, Jiri"]
[Result "1/2-1/2"]
[WhiteElo "2144"]
[BlackElo "2188"]
[PlyCount "90"]
[EventDate "2004.12.??"]
[EventType "swiss"]
[EventRounds "7"]
[EventCountry "CZE"]
[SourceTitle "EXT 2007"]
[Source "ChessBase"]
[SourceDate "2006.11.23"]
[SourceVersion "1"]
[SourceVersionDate "2006.11.23"]
[SourceQuality "1"]

1. c4 e5 2. Nc3 f5 3. e3 Nf6 4. d4 Nc6 5. Nf3 e4 6. Nd2 Be7 7. f3 exf3 8. Nxf3 d6 9. Bd3 0-0 10. 0-0 g6 11. a3 a5 12. Rb1 Re8 13. d5 Ne5 14. Nxe5 dxe5 15. b4 axb4 16. axb4 e4 17. Bc2 c6 18. dxc6 bxc6 19. b5 cxb5 20. cxb5 Bd6 21. Bb3+ Kg7 22. h3 Be6 23. Bb2 Qb6 24. Bxe6 Qxe3+ 25. Rf2 Rxe6 26. Nd5 Qg3 27. Nxf6 Rxf6 28. Bxf6+ Kxf6 29. Kf1 Bc5 30. Rc2 Qf4+ 31. Ke1 Qg3+ 32. Kf1 Qf4+ 33. Ke1 Ra3 34. Qd8+ Kg7 35. Re2 e3 36. Qd1 Be7 37. Qd7 Qh4+ 38. Kf1 Kh6 39. Qc6 Qd4 40. b6 Bb4 41. g3 Rb3 42. Qc2 Rc3 43. Qb2 Qd5 44. Kg1 Qf3 45. Qxb4 Qxe2 1/2-1/2

[Event "CZE-chT2d 0304"]
[Site "Czech Republic"]
[Date "2004.??.??"]
[Round "?"]
[White "Simbera, Jiri"]
[Black "Malis, Jiri"]
[Result "1-0"]
[WhiteElo "2115"]
[BlackElo "2185"]
[PlyCount "51"]
[EventDate "2003.??.??"]
[EventType "team"]
[EventRounds "11"]
[EventCountry "CZE"]
[SourceTitle "EXT 2007"]
[Source "ChessBase"]
[SourceDate "2006.11.23"]
[SourceVersion "1"]
[SourceVersionDate "2006.11.23"]
[SourceQuality "1"]

1. f4 e5 2. fxe5 d6 3. Nf3 dxe5 4. e4 Bc5 5. Bc4 Nc6 6. Qe2 Qe7 7. c3 Nf6 8. d3 0-0 9. Bg5 Be6 10. Nbd2 h6 11. Bxf6 Qxf6 12. 0-0-0 Rab8 13. Rhf1 Qe7 14. Kb1 b5 15. Nxe5 bxc4 16. Nxc6 Qd6 17. d4 Ba3 18. Nxb8 Qb6 19. Nf3 Rxb8 20. Rd2 c6 21. Ka1 Bf8 22. h3 Qb5 23. d5 cxd5 24. Nd4 Qa5 25. Nxe6 fxe6 26. exd5 1-0

[Event "Olexa Memorial op-A"]
[Site "Brno"]
[Date "2004.??.??"]
[Round "2"]
[White "Vesely, Jaromir"]
[Black "Malis, Jiri"]
[Result "1/2-1/2"]
[WhiteElo "2116"]
[BlackElo "2188"]
[PlyCount "97"]
[EventDate "2004.12.??"]
[EventType "swiss"]
[EventRounds "7"]
[EventCountry "CZE"]
[SourceTitle "EXT 2007"]
[Source "ChessBase"]
[SourceDate "2006.11.23"]
[SourceVersion "1"]
[SourceVersionDate "2006.11.23"]
[SourceQuality "1"]

1. d4 c5 2. Nf3 cxd4 3. Nxd4 d5 4. g3 e5 5. Nb3 Nc6 6. Bg2 Be6 7. 0-0 a5 8. a4 Rc8 9. Na3 Nf6 10. c3 Be7 11. Be3 b6 12. f3 0-0 13. Nb5 Nd7 14. Kh1 Nc5 15. Nxc5 bxc5 16. Bg1 f5 17. e4 fxe4 18. fxe4 Rxf1 19. Qxf1 d4 20. Bh3 Qd7 21. Qc4 Nd8 22. Bxe6+ Qxe6 23. Qd5 Qxd5 24. exd5 Nf7 25. Re1 Bf6 26. c4 Rb8 27. h4 Re8 28. Nc7 Re7 29. Ne6 Nd6 30. b3 e4 31. Nxc5 Nf5 32. g4 Bxh4 33. gxf5 Bxe1 34. d6 Rf7 35. Nxe4 d3 36. c5 d2 37. Nxd2 Bxd2 38. c6 Bf4 39. Bh2 Bxd6 40. Bxd6 Ra7 41. c7 Ra8 42. Bc5 Kf7 43. Bb6 Ke8 44. Bxa5 Kd7 45. Bc3 Rf8 46. Bxg7 Rxf5 47. Bd4 Kxc7 48. b4 Rd5 49. Bc5 1/2-1/2

[Event "CZE-chT2d 0304"]
[Site "Czech Republic"]
[Date "2003.??.??"]
[Round "?"]
[White "Uhmann, Jan"]
[Black "Malis, Jiri"]
[Result "1-0"]
[WhiteElo "2215"]
[BlackElo "2185"]
[PlyCount "103"]
[EventDate "2003.??.??"]
[EventType "team"]
[EventRounds "11"]
[EventCountry "CZE"]
[SourceTitle "EXT 2007"]
[Source "ChessBase"]
[SourceDate "2006.11.23"]
[SourceVersion "1"]
[SourceVersionDate "2006.11.23"]
[SourceQuality "1"]

1. d4 c5 2. d5 e5 3. c4 f5 4. e4 Nf6 5. Nc3 g6 6. Bd3 d6 7. Nge2 Be7 8. f4 0-0 9. 0-0 fxe4 10. Nxe4 Nxe4 11. Bxe4 Nd7 12. Ng3 exf4 13. Bxf4 Rxf4 14. Rxf4 Bg5 15. Rf1 Be3+ 16. Kh1 Ne5 17. Qe2 Bd4 18. Rad1 Ng4 19. Rxd4 cxd4 20. Qd3 Qh4 21. h3 Ne3 22. Rf3 Bg4 23. Rxe3 dxe3 24. Qxe3 Bd7 25. Kh2 Re8 26. Qxa7 Bc8 27. Qa3 Qe7 28. Qc3 Qe5 29. Qxe5 Rxe5 30. Kg1 Bf5 31. Bxf5 gxf5 32. Kf2 Kf7 33. b3 Kf6 34. Ne2 Re8 35. g3 Ke5 36. Ke3 b5 37. cxb5 Kxd5+ 38. Kd3 Kc5 39. Nd4 Re5 40. a3 f4 41. b4+ Kd5 42. gxf4 Rh5 43. Nf3 Rxh3 44. Ke3 Rh6 45. f5 Rf6 46. Kf4 h6 47. Nd2 Rf8 48. a4 Rc8 49. b6 Kc6 50. a5 d5 51. Nb3 Kd6 52. Nc5 1-0

[Event "Olexa Memorial op 25th"]
[Site "Brno"]
[Date "1999.??.??"]
[Round "?"]
[White "Doring, Robert"]
[Black "Malis, Jiri"]
[Result "1-0"]
[WhiteElo "2170"]
[BlackElo "2190"]
[PlyCount "83"]
[EventDate "1999.12.??"]
[EventType "swiss"]
[EventRounds "9"]
[EventCountry "CZE"]
[SourceTitle "EXT 2001"]
[Source "ChessBase"]
[SourceDate "2000.11.22"]
[SourceVersion "1"]
[SourceVersionDate "2000.11.22"]
[SourceQuality "1"]

1. e4 c5 2. c3 d5 3. exd5 Nf6 4. d4 cxd4 5. cxd4 Nxd5 6. Nf3 Nc6 7. Nc3 e6 8. Bb5 Bb4 9. Qb3 0-0 10. Bxc6 bxc6 11. 0-0 Rb8 12. a3 Bd6 13. Qc2 a5 14. Ne4 Ba6 15. Re1 Qc7 16. Nfg5 Bxh2+ 17. Kh1 h6 18. Nc5 hxg5 19. Nxa6 Qb6 20. Nxb8 Bxb8 21. Bxg5 Qc7 22. g3 f6 23. Bd2 Qd7 24. Kg2 e5 25. Rh1 f5 26. dxe5 Bxe5 27. Rae1 Bc7 28. Rh4 Rf6 29. Bc3 Rg6 30. Qe2 Kf7 31. Be5 Bd8 32. Rh8 Bb6 33. Rh4 Bd8 34. Rd4 Bb6 35. Rdd1 Kg8 36. Qc4 Qf7 37. Qa6 Qd7 38. Qa8+ Kf7 39. Qh8 f4 40. Qh5 Qe6 41. Bxf4 Ne3+ 42. Rxe3 1-0

[Event "Morava-chT 9899"]
[Site "Czech Republic"]
[Date "1999.??.??"]
[Round "8"]
[White "Lastovicka, Jiri"]
[Black "Malis, Jiri"]
[Result "1/2-1/2"]
[WhiteElo "2220"]
[BlackElo "2210"]
[PlyCount "51"]
[EventDate "1998.??.??"]
[EventType "team-tourn"]
[EventRounds "11"]
[EventCountry "CZE"]
[SourceTitle "EXT 2000"]
[Source "ChessBase"]
[SourceDate "1999.11.16"]
[SourceVersion "1"]
[SourceVersionDate "1999.11.16"]
[SourceQuality "1"]

1. Nf3 g6 2. g3 Bg7 3. Bg2 e5 4. d3 d5 5. 0-0 Ne7 6. e4 0-0 7. Re1 d4 8. Nbd2 c5 9. Nc4 Nbc6 10. a4 b6 11. Bd2 f6 12. Nh4 Rb8 13. f4 a6 14. a5 bxa5 15. b3 Be6 16. Nxa5 Nxa5 17. Bxa5 Qd6 18. Bd2 Rbe8 19. fxe5 fxe5 20. Qc1 Bc8 21. Bh6 Nc6 22. Bxg7 Kxg7 23. Qd2 Nb4 24. Rf1 h6 25. h3 Rxf1+ 26. Rxf1 1/2-1/2

[Event "Olexa Memorial op 25th"]
[Site "Brno"]
[Date "1999.??.??"]
[Round "?"]
[White "Malis, Jiri"]
[Black "Tomes, Zdenek"]
[Result "1/2-1/2"]
[WhiteElo "2190"]
[BlackElo "2014"]
[PlyCount "97"]
[EventDate "1999.12.??"]
[EventType "swiss"]
[EventRounds "9"]
[EventCountry "CZE"]
[SourceTitle "EXT 2001"]
[Source "ChessBase"]
[SourceDate "2000.11.22"]
[SourceVersion "1"]
[SourceVersionDate "2000.11.22"]
[SourceQuality "1"]

1. c4 c5 2. g3 Nf6 3. Bg2 Nc6 4. Nc3 g6 5. e3 Bg7 6. Nge2 0-0 7. d4 d6 8. 0-0 a6 9. b3 Rb8 10. Bb2 cxd4 11. Nxd4 Nxd4 12. Qxd4 b5 13. cxb5 axb5 14. Nd5 Bb7 15. Nxf6+ Bxf6 16. Qd2 Bxb2 17. Qxb2 Bxg2 18. Kxg2 b4 19. Qd4 Qa5 20. Rfc1 Rfc8 21. Rc4 d5 22. Rxc8+ Rxc8 23. e4 dxe4 24. Qxe4 e6 25. Rd1 Qxa2 26. Qxb4 Qa8+ 27. Kg1 Qf3 28. Rb1 h5 29. h4 Rc2 30. Qd4 Re2 31. Qf4 Rxf2 32. Qxf3 Rxf3 33. Kg2 Rd3 34. b4 Rd6 35. b5 Rb6 36. Kf3 Kf8 37. Ke4 Ke7 38. Kd4 Kd6 39. Kc4 Rb7 40. Rd1+ Kc7 41. Kc5 Kc8 42. b6 Rd7 43. Ra1 Kb8 44. Kc6 Rd3 45. Ra7 Rc3+ 46. Kb5 Rxg3 47. Rxf7 Rg4 48. Rf8+ Kb7 49. Rf7+ 1/2-1/2

[Event "Morava-chT 9899"]
[Site "Czech Republic"]
[Date "1999.??.??"]
[Round "9"]
[White "Uhmann, Jan"]
[Black "Malis, Jiri"]
[Result "1-0"]
[WhiteElo "2245"]
[BlackElo "2210"]
[PlyCount "103"]
[EventDate "1998.??.??"]
[EventType "team-tourn"]
[EventRounds "11"]
[EventCountry "CZE"]
[SourceTitle "EXT 2000"]
[Source "ChessBase"]
[SourceDate "1999.11.16"]
[SourceVersion "1"]
[SourceVersionDate "1999.11.16"]
[SourceQuality "1"]

1. d4 g6 2. c4 Bg7 3. e4 d6 4. f4 e5 5. dxe5 dxe5 6. Qxd8+ Kxd8 7. Nc3 c6 8. Nf3 Nd7 9. Be3 f6 10. g3 Nh6 11. Bh3 Nf7 12. Be6 Ke7 13. Bxf7 Kxf7 14. 0-0 Re8 15. Rae1 Kg8 16. b3 Bf8 17. fxe5 fxe5 18. Ng5 Bb4 19. Rc1 Nc5 20. Kg2 Ne6 21. Nf7 Nf4+ 22. gxf4 Kxf7 23. fxe5+ Kg8 24. Bf4 Bg4 25. Nd1 Be2 26. Rf2 Bd3 27. Kh3 Rf8 28. Nb2 Rad8 29. Rd1 g5 30. Nxd3 Rxf4 31. Nxf4 Rxd1 32. Ne6 Rg1 33. Rg2 Rxg2 34. Kxg2 Be7 35. Kf3 Kf7 36. Nd4 h5 37. h3 Bc5 38. Nf5 Ke6 39. Ng7+ Kxe5 40. Nxh5 Kd4 41. Ng7 Kc3 42. Ke2 a5 43. Nf5 a4 44. e5 a3 45. e6 Kb2 46. Kd3 Kxa2 47. Kc2 Ka1 48. e7 Bxe7 49. Nxe7 c5 50. Nd5 a2 51. Kc1 b6 52. Ne3 1-0